MARC details
| 000 -LEADER |
| campo de control de longitud fija |
02728cam a2200517 a 4500 |
| 001 - NÚMERO DE CONTROL |
| campo de control |
38172 |
| 005 - FECHA Y HORA DE LA ÚLTIMA TRANSACCIÓN |
| campo de control |
20230410103632.0 |
| 008 - DATOS DE LONGITUD FIJA--INFORMACIÓN GENERAL |
| campo de control de longitud fija |
920406s1993 mdub b 000 0 eng |
| 010 ## - NÚMERO DE CONTROL DE LA BIBLIOTECA DEL CONGRESO |
| Número de control de LC |
92014475 |
| 035 ## - NÚMERO DE CONTROL DEL SISTEMA |
| Número de control de sistema |
(OCoLC)ocm25711755 |
| 040 ## - FUENTE DE CATALOGACIÓN |
| Centro catalogador/agencia de origen |
DLC |
| Centro/agencia transcriptor |
DLC |
| Centro/agencia modificador |
UKM |
| -- |
IOP |
| -- |
MUQ |
| -- |
BAKER |
| -- |
NLGGC |
| -- |
BTCTA |
| -- |
YDXCP |
| -- |
DRFGD |
| 015 ## - NÚMERO DE BIBLIOGRAFÍA NACIONAL |
| Número de bibliografía nacional |
GB93-28667 |
| 019 ## - |
| -- |
28929063 |
| -- |
41174195 |
| -- |
41174366 |
| 020 ## - NÚMERO INTERNACIONAL ESTÁNDAR DEL LIBRO |
| Número Internacional Estándar del Libro |
0801844347 |
| 020 ## - NÚMERO INTERNACIONAL ESTÁNDAR DEL LIBRO |
| Número Internacional Estándar del Libro |
9780801844348 |
| 020 ## - NÚMERO INTERNACIONAL ESTÁNDAR DEL LIBRO |
| Número Internacional Estándar del Libro |
0801844355 (pbk.) |
| 020 ## - NÚMERO INTERNACIONAL ESTÁNDAR DEL LIBRO |
| Número Internacional Estándar del Libro |
9780801844355 (pbk.) |
| 029 1# - OTRO NÚMERO DE CONTROL DE SISTEMA (OCLC) |
| Identificador de la biblioteca OCLC |
UKM |
| Número de control de sistema |
b9328667 |
| 029 1# - OTRO NÚMERO DE CONTROL DE SISTEMA (OCLC) |
| Identificador de la biblioteca OCLC |
NLGGC |
| Número de control de sistema |
094603375 |
| 029 1# - OTRO NÚMERO DE CONTROL DE SISTEMA (OCLC) |
| Identificador de la biblioteca OCLC |
YDXCP |
| Número de control de sistema |
649319 |
| 035 ## - NÚMERO DE CONTROL DEL SISTEMA |
| Número de control de sistema |
(OCoLC)25711755 |
| Número de control cancelado/no válido |
(OCoLC)28929063 |
| Número de control de sistema |
41174195 |
| -- |
41174366 |
| 043 ## - CÓDIGO DE ÁREA GEOGRÁFICA |
| Código de área geográfica |
cc----- |
| 050 14 - SIGNATURA TOPOGRÁFICA DE LA BIBLIOTECA DEL CONGRESO |
| Número de clasificación |
200 F 2183 |
| Número de ítem |
M689 1993 |
| 082 00 - NÚMERO DE LA CLASIFICACIÓN DECIMAL DEWEY |
| Número de clasificación |
320.9729 |
| Número de edición |
20 |
| 084 ## - OTRO NÚMERO DE CLASIFICACIÓN |
| Número de clasificación |
89.40 |
| Fuente del número |
bcl |
| 049 ## - FONDOS LOCALES (OCLC) |
| Biblioteca depositaria |
GRAL |
| 245 00 - MENCIÓN DEL TÍTULO |
| Título |
Modern Caribbean politics / |
| Mención de responsabilidad, etc. |
edited by Anthony Payne and Paul Sutton. |
| 260 ## - PUBLICACIÓN, DISTRIBUCIÓN, ETC. |
| Lugar de publicación, distribución, etc. |
Baltimore : |
| Nombre del editor, distribuidor, etc. |
Johns Hopkins University Press, |
| Fecha de publicación, distribución, etc. |
c1993. |
| 300 ## - DESCRIPCIÓN FÍSICA |
| Extensión |
xii, 332 p. : |
| Otras características físicas |
map ; |
| Dimensiones |
24 cm. |
| 504 ## - NOTA DE BIBLIOGRAFÍA, ETC. |
| Nota de bibliografía, etc. |
Includes bibliographical references (p. 327-330). |
| 505 0# - NOTA DE CONTENIDO CON FORMATO |
| Nota de contenido con formato |
Introduction : the contours of modern Caribbean politics / Anthony Payne, Paul Sutton -- Liberal economics versus electoral politics in Jamaica / Anthony Payne -- Democracy and disillusionment in the Dominican Republic / Jan Knippers Black -- The Duvalier dictatorship and its legacy of crisis in Haiti / James Ferguson -- Race, politics, and succession in Trinidad and Guyana / Ralph R. Premdas -- The march of militarization in Suriname / Peter Meel -- Revolution, democracy, and regional integration in the Eastern Caribbean / Tony Thorndike -- The Grenadian revolution in retrospect / Courtney Smith -- Political economy and foreign policy in Puerto Rico / Jorge Heine, Juan M. Garcia-Passalacqua -- The odyssey of revolution in Cuba / H. Michael Erisman -- Domestic policy, the external environment, and the economic crisis in the Caribbean / Ramesh F. Ramsaran -- The offshore Caribbean Anthony P. Maingot -- U.S. intervention, regional security, and militarization in the Caribbean / Paul Sutton. |
| 651 #0 - PUNTO DE ACCESO ADICIONAL DE MATERIA--NOMBRE GEOGRÁFICO |
| Nombre geográfico |
Caribbean Area |
| Subdivisión general |
Politics and government |
| Subdivisión cronológica |
1945- |
| 653 0# - TÉRMINO DE INDIZACIÓN--NO CONTROLADO |
| Término no controlado |
Politics |
| 653 0# - TÉRMINO DE INDIZACIÓN--NO CONTROLADO |
| Término no controlado |
Caribbean region |
| 651 #6 - PUNTO DE ACCESO ADICIONAL DE MATERIA--NOMBRE GEOGRÁFICO |
| Nombre geográfico |
Caraïbes (Région) |
| Subdivisión general |
Politique et gouvernement |
| Subdivisión cronológica |
1945- |
| 650 17 - PUNTO DE ACCESO ADICIONAL DE MATERIA--TÉRMINO DE MATERIA |
| Término de materia o nombre geográfico como elemento de entrada |
Politieke situatie. |
| Fuente del encabezamiento o término |
gtt |
| 651 #7 - PUNTO DE ACCESO ADICIONAL DE MATERIA--NOMBRE GEOGRÁFICO |
| Nombre geográfico |
7.400. |
| Fuente del encabezamiento o término |
gtt |
| 700 1# - ENTRADA AGREGADA--NOMBRE PERSONAL |
| Nombre de persona |
Payne, Anthony, |
| Fechas asociadas al nombre |
1952- |
| 700 1# - ENTRADA AGREGADA--NOMBRE PERSONAL |
| Nombre de persona |
Sutton, Paul K. |
| 938 ## - |
| -- |
Baker & Taylor |
| -- |
BKTY |
| -- |
20.95 |
| -- |
20.95 |
| -- |
0801844355 |
| -- |
0002249034 |
| -- |
active |
| 938 ## - |
| -- |
Baker and Taylor |
| -- |
BTCP |
| -- |
92014475 |
| 938 ## - |
| -- |
YBP Library Services |
| -- |
YANK |
| -- |
649319 |
| 938 ## - |
| -- |
Baker & Taylor |
| -- |
BKTY |
| -- |
50.00 |
| -- |
50.00 |
| -- |
0801844347 |
| -- |
0002249032 |
| -- |
active |
| 942 ## - ELEMENTOS DE ENTRADA SECUNDARIOS (KOHA) |
| Fuente del sistema de clasificación o colocación |
Clasificación de Library of Congress |
| Tipo de ítem Koha |
|
| 994 ## - |
| -- |
C0 |
| -- |
DRFGD |